000
00210 a2200097 4500
001
47961
100
_a
Shaban
245
_a
Islamic history
260
_a
London
_b
Cambridge univ press
_c
090
_c
30952
_d
30952
942
_a
NUST-CAE
_c
M
_c
23283
999
_c
283034
_d
283034